Detské izby

Uložené v:
Podrobná bibliografia
Médium: Kniha
Jazyk:Slovak
Vydavateľské údaje: Bratislava : Slovart, 2008
Tagy: Pridať tag
Žiadne tagy, Buďte prvý, kto otaguje tento záznam!

MARC

LEADER 00000nam a22000003a 4500
001 stu246654
005 20150408164657.4
008 120518s2008----xo------------------slo-d
020 |a 978-80-8085-421-8 
040 |a STU  |b slo 
041 0 |a slo 
044 |a xo 
245 |a Detské izby 
260 |a Bratislava :  |b Slovart,  |c 2008 
300 |a 239 s 
996 |b 284V032339  |c V*51494/O-22986a  |l VVS  |s A  |a 24  |w stu246654_0001 
996 |b 284V032338  |c V*51493/O-22986  |l VVT  |s A  |a 24  |w stu246654_0002